|
|
|
|
| LEADER |
00000nam a2200000 a 4500 |
| 001 |
vtls010586981 |
| 003 |
SK-MaSNL |
| 005 |
20260302092439.0 |
| 008 |
180813s1959 xo 000 0 slo |
| 015 |
|
|
|a SNBA1959
|
| 040 |
|
|
|a SNK
|b slo
|c SNK
|e AACR2
|
| 041 |
0 |
|
|a slo
|
| 044 |
|
|
|a xo
|c SK
|
| 080 |
|
|
|a 91
|2 2001
|
| 080 |
|
|
|a (084.41)
|2 2001
|
| 080 |
|
|
|a (075.2)
|2 2001
|
| 245 |
0 |
0 |
|a Školský zemepisný atlas pre 4. a 5. ročník všeobecnovzdelávacích škôl
|
| 250 |
|
|
|a 4. vyd.
|
| 260 |
|
|
|a Bratislava
|b Ústredná správa geodézie a kartografie
|c 1959
|
| 650 |
0 |
7 |
|a geografia
|2 SNKPH
|9 823
|
| 655 |
|
7 |
|a učebnice základných škôl
|2 SNKPH
|9 70187
|
| 655 |
|
7 |
|a geografické atlasy
|2 SNKPH
|9 73239
|
| 655 |
|
7 |
|a školské atlasy
|2 SNKPH
|9 73240
|
| 958 |
|
|
|a OND
|
| 999 |
|
|
|c 1204721
|d 1206651
|
| 952 |
|
|
|a SNK
|b SNK
|y PREZ
|7 0
|p 17A0835500
|o snkSB 41231
|i snkK 2118/86
|8 3
|0 0
|1 0
|4 0
|d 2014-04-02
|f 1
|l 0
|r 2025-04-28 00:00:00
|w 2026-02-24
|